Normal view
MARC view
- CIVILZATION ISLAMIC
Entry Topical Term
001 - CONTROL NUMBER
- control field: 74695
003 - CONTROL NUMBER IDENTIFIER
- control field: NUST
005 - DATE AND TIME OF LATEST TRANSACTION
- control field: 20210628205254.0
008 - FIXED-LENGTH DATA ELEMENTS
- fixed length control field: 210628|| aca||aabn | a|a d
040 ## - CATALOGING SOURCE
- Original cataloging agency: NUST
- Transcribing agency: NUST
150 ## - HEADING--TOPICAL TERM
- Topical term or geographic name entry element: CIVILZATION ISLAMIC
670 ## - SOURCE DATA FOUND
- Source citation: Work cat.: (NUST): SARDAR, ZIA UDDIN 74694, THE FUTURE OF MUSLIM CIVILISATION, 1979
